Statistics for Countries with the most Deaths by war per year

Click here to take the quiz!

General Stats

  • This quiz has been taken 47 times
  • The average score is 9 of 15

Answer Stats

HintAnswer% Correct
About 300 000 DeathsRussia
96%
About 100 000 DeathsUkraine
91%
200 000+ DeathsIraq
85%
300 000+ DeathsSyria
85%
300 000+ DeathsAfghanistan
83%
50 000 DeathsSudan
72%
About 40 000 DeathsPakistan
70%
About 50 000 DeathsSomalia
65%
About 100 000 DeathsYemen
65%
About 300 000 DeathsEthiopia
63%
40 000 DeathsIndia
61%
30 000 DeathsCongo
57%
30 000 DeathsAngola
26%
50 000 DeathsSri Lanka
11%
40 000 DeathsBosnia and herzegovina
2%

Score Distribution

Percentile by Number Answered

Percent of People with Each Score

Your Score History

You have not taken this quiz